|
|
|
|
| LEADER |
00000nab a2200000 ar4500 |
| 001 |
vtls008411753 |
| 003 |
SK-MaSNL |
| 005 |
20260304144517.0 |
| 008 |
250505c19980219xo |r|p|||||||100 b|slo |
| 015 |
|
|
|a SNBRB2005/11
|2 snkbucl
|
| 035 |
|
|
|a urn:nbn:sk:snk-ab822a
|
| 035 |
|
|
|a (urnnbn)urn:nbn:sk:snk:ar-00634x
|
| 035 |
|
|
|a (uuid)5d53ae45-fae9-4a75-9bd1-8aa4eaf11f14
|
| 038 |
|
|
|a SNKBUCL
|
| 040 |
|
|
|a SNKBUCL
|b slo
|c SNKBUCL
|e AACR2
|
| 041 |
0 |
|
|a slo
|
| 044 |
|
|
|a xo
|c SK
|
| 080 |
|
|
|a 82:929:821.162.4
|2 2001
|
| 080 |
|
|
|a 070
|2 2001
|
| 080 |
|
|
|a 929 Bor, Ján E.
|2 1981
|
| 080 |
|
|
|a 821.162.4
|2 2001
|
| 080 |
|
|
|a 929:821.162.4
|2 2001
|
| 100 |
1 |
|
|a Parenička, Pavol,
|d 1959-
|4 aut
|9 100367
|
| 245 |
1 |
0 |
|a Príspevok k dielu Jána Elena Bora (Ernesta Žatka) do roku 1945
|c Pavol Parenička
|
| 504 |
|
|
|a Bibliogr. odkazy
|
| 600 |
1 |
7 |
|a Bor, Ján E.,
|d 1907-1991
|2 snkbucl
|9 104660
|
| 655 |
|
7 |
|a štúdie
|2 snkbucl
|9 57033
|
| 773 |
0 |
|
|t Biografické štúdie 25
|d Martin : Matica slovenská, 1998
|g S. 17-27
|z 8070904925
|
| 850 |
|
|
|a Slovenská národná knižnica
|
| 852 |
|
|
|a Slovenská národná knižnica
|
| 856 |
4 |
1 |
|u http://www.snk.sk/images/Edicna_cinnost/Zborniky/Biograficke_studie/25/bs25_17_27.pdf
|
| 954 |
|
|
|a odborná, vedecká literatúra cudzojazyčná (svetová)
|2 lita
|
| 958 |
|
|
|a article9
|
| 958 |
|
|
|a OND
|
| 958 |
|
|
|a BX
|
| 958 |
|
|
|a NB
|
| 958 |
|
|
|a LX
|
| 958 |
|
|
|a EUIPO
|
| 999 |
|
|
|c 2931778
|d 2933708
|